| 000 | 00343nam a2200145Ia 4500 | ||
|---|---|---|---|
| 008 | 150201s2013 xx 000 0 und d | ||
| 082 |
_a612 _bP13G |
||
| 100 | _aGHAI, CL. | ||
| 245 | 2 | _aA TB. OF PRACTICAL PHYSIOLOGY | |
| 250 | _a8TH | ||
| 260 |
_bJAYPEE _aDELHI _c2013 |
||
| 300 | _a1-384 | ||
| 650 | _aHUMAN PHYSIOLOGY | ||
| 942 |
_2ddc _cBK _013 |
||
| 999 |
_c1604 _d1604 |
||